Ingenieria Electrica Redes de diodos y resistivas / Norman Balabanian, Wilbur R. Le Page (Registro nro. 22024)

Detalles MARC
000 -LÍDER
fixed length control field 00506nam a2200157 4500
008 - ELEMENTOS DE LONGITUD FIJA -- INFORMACIÓN GENERAL
fixed length control field 0 1970 0a 000 0Mex
020 ## - NÚMERO INTERNACIONAL NORMALIZADO PARA LIBROS
ISBN s/n
050 ## - SIGNATURA TOPOGRAFICA DE LA BIBLIOTECA DEL CONGRESO (LC)
Número de Clasificación TA405 F553
082 ## - NUMERO DE CLASIFICACION DECIMAL DEWEY
Número de Clasificación 621.3 B125i
100 ## - ASIENTO PRINCIPAL--NOMBRE PERSONAL
Nombre personal Balabanian, Norman
245 ## - TÍTULO
Título Ingenieria Electrica Redes de diodos y resistivas / Norman Balabanian, Wilbur R. Le Page
260 ## - PUBLICACIÓN, DISTRIBUCIÓN, ETC. (PIE DE IMPRENTA)
Lugar de publicación, distribución, etc. México : Centro Regional de Ayuda Tecnica
300 ## - DESCRIPCIÓN FÍSICA
Extensión 301 p. / 22 cm.
650 ## - ASIENTO SECUNDARIO DE MATERIA - TERMINO TEMÁTICO
Término temático o nombre geográfico como elemento de entrada 1. INGENIERIA ELECTRICA
700 ## - ASIENTO SECUNDARIO - NOMBRE PERSONAL
Nombre personal I. Le Page, Wilbur R,, coaut.
Existencias
No. biblioteca No. biblioteca Número de clasificación Código de barras/Número de adquisición Número de copia Tipo de material
LUIS G. INCLAN LUIS G. INCLAN 621.3 B125i 5272 5 Libros
LUIS G. INCLAN LUIS G. INCLAN 621.3 B125i 5269 2 Libros
LUIS G. INCLAN LUIS G. INCLAN 621.3 B125i 5268 1 Libros
LUIS G. INCLAN LUIS G. INCLAN 621.3 B125i 5271 4 Libros
LUIS G. INCLAN LUIS G. INCLAN 621.3 B125i 5270 3 Libros
Calzada Tecnológico # 27, Zacatepec, Morelos.
01(734) 343-07-23 / 343-21-10 / 343-21-11
Apdo. Postal 45 C.P 62780